书目信息 |
| 题名: |
安娜·卡列宁娜
|
|
| 作者: | 托尔斯泰 , Толстой 著 ;周扬 , 谢素台 译 | |
| 分册: | 下 | |
| 出版信息: | 北京 人民文学出版社 1989 |
|
| 页数: | 591-1104页 | |
| 开本: | 20cm | |
| 丛书名: | 外国文学名著丛书 | |
| 单 册: | ||
| 中图分类: | I512.44 , I512.4 | |
| 科图分类: | ||
| 主题词: | 长篇小说--苏联--近代 , 长篇小说 | |
| 电子资源: | ||
| ISBN: | 7-02-000108-4 | |
| 000 | 01092oam2 2200325 450 | |
| 001 | 1572801649 | |
| 005 | 20150124201451.46 | |
| 010 | @a7-02-000108-4@dCNY18.25 | |
| 100 | @a20021005e19971989em y0chiy0110 ea | |
| 101 | 1 | @achi@crus |
| 102 | @aCN@b110000 | |
| 105 | @af z 000ay | |
| 200 | 1 | @a安娜·卡列宁娜@9an na · ka lie ning na@h下@f(俄)列夫·托尔斯泰(Л.Н.Толстой)著@g周扬,谢素台译 |
| 205 | @a3版 | |
| 210 | @a北京@c人民文学出版社@d1989@h1997重印 | |
| 215 | @a591-1104页@c照片@d20cm | |
| 225 | 2 | @a外国文学名著丛书 |
| 300 | @a书名通译:安娜·卡列尼娜 | |
| 461 | 0 | @12001 @a外国文学名著丛书 |
| 517 | 1 | @a安娜·卡列尼娜@9an na · ka lie ni na |
| 606 | 0 | @a长篇小说@y苏联@z近代 |
| 606 | 0 | @a长篇小说 |
| 690 | @aI512.44@v5 | |
| 690 | @aI512.4@v4 | |
| 701 | 1 | @c(俄)@a托尔斯泰@9tuo er si tai@c(Толстой, Лев Николаевич@f1828~1910)@4著 |
| 701 | 1 | @aТолстой@bЛ.Н.@4著 |
| 702 | 0 | @a周扬@9zhou yang@f(1908~1989)@4译 |
| 702 | 0 | @a谢素台@9xie su tai@c(女,@f1925~)@4译 |
| 801 | 0 | @aCN@bTSSF@c20150124 |
| 905 | @aZUCC@dI512.4@eJY1:2 | |
| 安娜·卡列宁娜.下/(俄)列夫·托尔斯泰(Л.Н.Толстой)著/周扬,谢素台译.-3版.-北京:人民文学出版社,1989(1997重印) |
| 591-1104页:照片;20cm.-(外国文学名著丛书) |
| 书名通译:安娜·卡列尼娜 |
| ISBN 7-02-000108-4:CNY18.25 |
| ● |
| 相关链接 |
|
|
|
|
正题名:安娜·卡列宁娜
索取号:I512.4/JY1:2
 
预约/预借
| 序号 | 登录号 | 条形码 | 馆藏地/架位号 | 状态 | 备注 |
| 1 | 7853774 | 278537745 | 学院路分馆/ [索取号:I512.4/JY1:2] | 在馆 | |
| 2 | 7853775 | 278537754 | 学院路分馆/ [索取号:I512.4/JY1:2] | 在馆 | |
| 3 | 7853776 | 278537763 | 学院路分馆/ [索取号:I512.4/JY1:2] | 在馆 |